000 00488nam a22001697a 4500
005 20240531114046.0
008 240531b |||||||| |||| 00| 0 eng d
020 _a0-618-06026-x
082 _a176
_bSTO-R
100 _aStock;Gregory
245 _aRedisigning Humans/
_bOur Inevitable Genetic Future/
_cGregory Stock
260 _aUSA;
_bHoughton Mifflin Company;
_c2002.
300 _a277 p.:
_c22.5 cm.
500 _aInclude index.
650 _aPhilosophy and Psychology
999 _c35822
_d35822